Las embajadas / (Record no. 118965)

MARC details
000 -LEADER
campo de control de longitud fija 00457nam a2200157 4500
001 - NÚMERO DE CONTROL
campo de control 118965
003 - IDENTIFICADOR DE NÚMERO DE CONTROL
campo de control ES-MaACL
007 - CAMPO FIJO DE DESCRIPCIÓN FÍSICA--INFORMACIÓN GENERAL
campo de control de longitud fija t|
008 - DATOS DE LONGITUD FIJA--INFORMACIÓN GENERAL
campo de control de longitud fija 070214s1970 ag r ||||1| spa d
100 1# - ENTRADA PRINCIPAL--NOMBRE DE PERSONA
Nombre de persona Peyrefitte, Roger.
9 (RLIN) 91599
245 14 - MENCIÓN DEL TÍTULO
Título Las embajadas /
Mención de responsabilidad, etc. Roger Peyrefitte ; traducción de Jorge Borda.
260 ## - PUBLICACIÓN, DISTRIBUCIÓN, ETC.
Lugar de publicación, distribución, etc. Buenos Aires :
Nombre del editor, distribuidor, etc. Sudamericana,
Fecha de publicación, distribución, etc. 1970.
300 ## - DESCRIPCIÓN FÍSICA
Extensión 301 p. ;
Dimensiones 18 cm.
700 1# - ENTRADA AGREGADA--NOMBRE PERSONAL
Nombre de persona Borda, Jorge.
9 (RLIN) 30374
852 ## - LOCALIZACIÓN
Ubicación ES-MaACL
Número de control de estantería E-7181
Sublocalización o colección R.91367
Holdings
Estatus retirado Estado de pérdida Estado de daño No para préstamo Biblioteca de origen Biblioteca actual Ubicación en estantería Fecha de adquisición Fuente de adquisición Total de préstamos Signatura topográfica completa Código de barras Visto por última vez Precio de reemplazo Tipo de ítem Koha
        Biblioteca del Ateneo de Madrid Biblioteca del Ateneo de Madrid Depósito 2 17/01/2008     E-7181 1124020 23/02/2023 23/02/2023 Libro impreso